000 00369nam a2200145Ia 4500
008 240624s9999 xx 000 0 und d
041 _aeng
082 _a658 HAK
100 _aHAKSEVER CENGIZ
245 _aSERVICES MANAGEMENT AND OPERATIONS
250 _a(2nd ed.)
260 _c2003
_aNew Delhi
_bPearson Education
300 _axx, : 584 : p. : cm. ; 26
365 _cRS
999 _c504
_d504